Statistics for This Is Love - ​will.i.am Feat. Eva Simons - All Lyrics

Click here to take the quiz!

General Stats

  • This quiz has been taken 3 times
  • The average score is 404 of 451

Answer Stats

Answer% Correct
a
100%
(Ah)
100%
(Ah-ah)
100%
(Alright)
100%
alright
100%
and
100%
And
100%
baby,
100%
Can
100%
Eh,
100%
feel)
100%
feel
100%
(Feel
100%
get
100%
go
100%
got
100%
"Hell,
100%
(Hell,
100%
(Hey)
100%
(Hey),
100%
I
100%
If
100%
in
100%
inside
100%
is
100%
it
100%
it,
100%
it?
100%
let's
100%
like
100%
Love
100%
love,
100%
love?
100%
love
100%
(Love)
100%
me
100%
melody,
100%
on
100%
Say,
100%
say,
100%
so
100%
The
100%
the
100%
then
100%
Then,
100%
This
100%
this
100%
to
100%
tonight
100%
want
100%
we
100%
We
100%
what
100%
Yeah
100%
yeah"
100%
yeah)
100%
yeah,
100%
you
100%
all
67%
(All
67%
beat
67%
could
67%
feelin’
67%
for
67%
Good
67%
just
67%
later
67%
night)
67%
night
67%
notes
67%
rock
67%
rocket
67%
sheets
67%
streets
67%
up,
67%
up
67%
watch
67%
bass
33%
beats,
33%
beats
33%
'Cause
33%
cello
33%
created
33%
crusader,
33%
dope
33%
explode
33%
fill
33%
funky
33%
god,
33%
House
33%
orchestra,
33%
rocking’
33%
terminator
33%
violin,
33%
way
33%
blaster,
0%
bomb
0%
bouncin’
0%
ceilin’
0%
computer
0%
DJ
0%
ghetto
0%
globe
0%
harder
0%
housing,
0%
knockin’
0%
metal
0%
sent
0%
sip
0%
smashed
0%
than
0%
'til
0%
treble
0%
walkin’
0%

Score Distribution

Percentile by Number Answered

Percent of People with Each Score

Your Score History

You have not taken this quiz